[Event "45 MFSz im. A.Rubinsteina - B"]
[Site "Polanica Zdroj"]
[Date "2009.08.24"]
[Round "7.22"]
[White "Borowicz, Przemyslaw"]
[Black "Ulanowski, Karol"]
[Result "1/2-1/2"]
[WhiteElo "2009"]
[BlackElo "1777"]
[PlyCount "30"]
[EventDate "2009.??.??"]

1. d4 Nf6 2. c4 g6 3. Nc3 Bg7 4. e4 d6 5. f4 c5 6. d5 e6 7. Nf3 O-O 8. Be2 exd5
9. cxd5 Bg4 10. O-O Nbd7 11. Re1 Re8 12. h3 Bxf3 13. Bxf3 c4 14. Be3 a6 15. Bd4
Qc7 1/2-1/2

[Event "45 MFSz im. A.Rubinsteina - B"]
[Site "Polanica Zdroj"]
[Date "2009.08.24"]
[Round "7.23"]
[White "Spyra, Wojciech"]
[Black "Warchol, Maria"]
[Result "0-1"]
[WhiteElo "2000"]
[BlackElo "1834"]
[PlyCount "44"]
[EventDate "2009.??.??"]

1. e4 e6 2. d4 d5 3. Nc3 Bb4 4. Bd3 c5 5. a3 Bxc3+ 6. bxc3 Ne7 7. Nf3 Nbc6 8.
O-O b6 9. Ng5 f6 10. exd5 Qxd5 11. Be4 Qd6 12. Nxh7 f5 13. Qh5+ Kd8 14. dxc5
Qxc5 15. Rd1+ Bd7 16. Be3 Qc4 17. Bf3 Kc7 18. Bg5 Qc5 19. Qh4 Ng6 20. Qg3+ Qe5
21. Rxd7+ Kxd7 22. Qh3 Kc7 {dalsze zapisy nieczytelne.} 0-1

[Event "45 MFSz im. A.Rubinsteina - B"]
[Site "Polanica Zdroj"]
[Date "2009.08.24"]
[Round "7.25"]
[White "Siedlanowski, Lukasz"]
[Black "Skrzypczak, Anna"]
[Result "1/2-1/2"]
[WhiteElo "1688"]
[BlackElo "1959"]
[PlyCount "48"]
[EventDate "2009.??.??"]

1. e4 c5 2. Nf3 d6 3. d4 cxd4 4. Nxd4 Nf6 5. Nc3 a6 6. Bd3 e5 7. Nde2 Be7 8.
O-O b5 9. a3 O-O 10. Ng3 g6 11. Kh1 Nbd7 12. f4 exf4 13. Bxf4 Ne5 14. Qe2 Be6
15. Bg5 Rc8 16. Qd2 Nfg4 17. Bf4 Nc4 18. Bxc4 Bxc4 19. Rf3 Ne5 20. Bxe5 dxe5
21. Rf2 Bc5 22. Qxd8 Rfxd8 23. Rf3 Rd2 24. Rc1 Rcd8 {
zawodnicy zgodzili sie na remis w 47 posunieciu.} 1/2-1/2

[Event "45 MFSz im. A.Rubinsteina - B"]
[Site "Polanica Zdroj"]
[Date "2009.08.24"]
[Round "7.26"]
[White "Duszenko, Michal"]
[Black "Nowicki, Bartosz"]
[Result "1-0"]
[WhiteElo "1785"]
[BlackElo "1944"]
[PlyCount "63"]
[EventDate "2009.??.??"]

1. e4 c5 2. Nc3 Nc6 3. f4 g6 4. Nf3 Bg7 5. Bc4 e6 6. O-O Nge7 7. d3 O-O 8. e5
d6 9. exd6 Qxd6 10. Ne4 Qd8 11. Be3 b6 12. c3 Bb7 13. Qe1 Nd5 14. Bd2 Nce7 15.
Neg5 h6 16. Ne4 Qc7 17. Ne5 Nc6 18. Qh4 Qd8 19. Qh3 Nf6 20. Nxf6+ Qxf6 21. Nd7
Qe7 22. Nxf8 Qxf8 23. Rae1 Rd8 24. Re3 Kh7 25. g4 Qd6 26. f5 Ne5 27. fxg6+ fxg6
28. Rxe5 Qxe5 29. Rf7 Bc6 30. Bxh6 Qe1+ 31. Rf1 Qe2 32. Be3+ 1-0

[Event "45 MFSz im. A.Rubinsteina - B"]
[Site "Polanica Zdroj"]
[Date "2009.08.24"]
[Round "7.28"]
[White "Graczyk, Damian"]
[Black "Reichert, Jakub"]
[Result "1-0"]
[WhiteElo "1890"]
[BlackElo "1760"]
[PlyCount "50"]
[EventDate "2009.??.??"]

1. c4 e6 2. g3 d5 3. Bg2 Nf6 4. Nf3 c5 5. O-O Nc6 6. cxd5 exd5 7. d4 Be7 8. Nc3
O-O 9. dxc5 Be6 10. a3 Bxc5 11. b4 Bd6 12. Bb2 Rc8 13. Rc1 Re8 14. e3 Bb8 15.
Nd4 Qd7 16. Nxc6 Rxc6 17. Qd2 Bh3 18. Bxh3 Qxh3 19. Nxd5 Ne4 20. Qd4 Be5 21.
Ne7+ Kf8 22. Qxe5 Rh6 23. Qxg7+ Kxe7 24. Qe5+ Kf8 25. Qg7+ Ke7 {
i biale wygraly.} 1-0

[Event "45 MFSz im. A.Rubinsteina - B"]
[Site "Polanica Zdroj"]
[Date "2009.08.24"]
[Round "7.29"]
[White "Wielosz, Jaroslaw"]
[Black "Stepniewski, Jerzy"]
[Result "1-0"]
[WhiteElo "1963"]
[BlackElo "1814"]
[PlyCount "77"]
[EventDate "2009.??.??"]

1. d4 Nf6 2. c4 g6 3. Nc3 Bg7 4. e4 d6 5. Nf3 O-O 6. Be2 c6 7. O-O Na6 8. Bg5
h6 9. Bh4 c5 10. d5 Nd7 11. Qd2 f6 12. Bg3 g5 13. Ne1 Qe8 14. Nc2 Nc7 15. Ne3
h5 16. h3 Ne5 17. Qd1 h4 18. Bxe5 fxe5 19. Bh5 Qd8 20. Bg6 Bh6 21. Qh5 Kg7 22.
Nf5+ Bxf5 23. exf5 Ne8 24. Ne4 Nf6 25. Nxf6 Rxf6 26. g3 Qh8 27. Rae1 Qf8 28.
Qg4 Rd8 29. Re4 Qh8 30. Kh1 hxg3 31. Qxg3 Rxg6 32. fxg6 Kxg6 33. Qd3 Kg7 34.
Rg4 Rf8 35. h4 Rf4 36. Rxf4 gxf4 37. Rg1+ Kf8 38. Qf5+ Qf6 39. Qc8+ 1-0

[Event "45 MFSz im. A.Rubinsteina - B"]
[Site "Polanica Zdroj"]
[Date "2009.08.24"]
[Round "7.30"]
[White "Wozniak, Bartosz"]
[Black "Graczyk, Konrad"]
[Result "1-0"]
[WhiteElo "1770"]
[BlackElo "1907"]
[PlyCount "60"]
[EventDate "2009.??.??"]

1. e4 e6 2. d4 d5 3. Nd2 Nf6 4. e5 Nfd7 5. Bd3 c5 6. c3 Nc6 7. Ne2 f6 8. exf6
Nxf6 9. O-O cxd4 10. cxd4 Bd6 11. Nf3 O-O 12. Bf4 Qc7 13. Bxd6 Qxd6 14. Ng3 e5
15. dxe5 Nxe5 16. Nxe5 Qxe5 17. Qd2 Bd7 18. Rfe1 Qd6 19. Ne4 Qb6 20. Nxf6+ Rxf6
21. Re3 Raf8 22. Rf1 Kh8 23. Be2 Qd6 24. Rg3 Rg6 25. Rxg6 Qxg6 26. Kh1 Qe4 27.
f3 Qe5 28. Bd3 Re8 29. f4 Qd4 30. Qc2 h6 {biale wygraly w 46 posunieciach.} 1-0

[Event "45 MFSz im. A.Rubinsteina - B"]
[Site "Polanica Zdroj"]
[Date "2009.08.24"]
[Round "7.31"]
[White "Korcz, Daniel"]
[Black "Somyk, Marcin"]
[Result "1/2-1/2"]
[WhiteElo "1743"]
[BlackElo "1901"]
[PlyCount "52"]
[EventDate "2009.??.??"]

1. e4 c5 2. Nf3 d6 3. d4 cxd4 4. Nxd4 Nf6 5. Nc3 Nc6 6. Nxc6 bxc6 7. Bc4 e6 8.
O-O Be7 9. b3 d5 10. Bd3 Qa5 11. Bb2 Ba6 12. Bxa6 Qxa6 13. e5 Nd7 14. Qg4 g6
15. Na4 h5 16. Qd1 h4 17. Qd3 Qb7 18. f4 Nb6 19. Nxb6 Qxb6+ 20. Kh1 h3 21. g3
c5 22. Qf3 Rc8 23. g4 c4 24. Rac1 Bc5 25. f5 gxf5 26. gxf5 Kd7 {
zawodnicy zremisowali po 49 ruchach.} 1/2-1/2

[Event "45 MFSz im. A.Rubinsteina - B"]
[Site "Polanica Zdroj"]
[Date "2009.08.24"]
[Round "7.33"]
[White "Karcz, Bartlomiej"]
[Black "Grochocinska, Urszula"]
[Result "1-0"]
[WhiteElo "1836"]
[BlackElo "1711"]
[PlyCount "69"]
[EventDate "2009.??.??"]

1. e4 e5 2. Nf3 Nc6 3. Bc4 Nf6 4. d3 Bc5 5. c3 d6 6. b4 Bb6 7. O-O O-O 8. a4 a5
9. b5 Ne7 10. Be3 Ng6 11. Bxb6 cxb6 12. Nbd2 Re8 13. Qb3 Be6 14. Ng5 Bxc4 15.
Nxc4 d5 16. exd5 Nxd5 17. Ne4 Re6 18. g3 f5 19. Ne3 Nge7 20. Ng5 Rg6 21. Nf3
Re6 22. Rfe1 Kh8 23. Nc4 Ng6 24. Ncxe5 Nxe5 25. Nxe5 Re7 26. d4 Rc8 27. c4 Nf6
28. Rad1 Nd7 29. f4 Nxe5 30. fxe5 Rec7 31. e6 Rxc4 32. e7 Qe8 33. d5 Rc3 34.
Qxc3 Rxc3 35. d6 1-0

[Event "45 MFSz im. A.Rubinsteina - B"]
[Site "Polanica Zdroj"]
[Date "2009.08.24"]
[Round "7.34"]
[White "Szolc, Grzegorz"]
[Black "Kowara, Magdalena"]
[Result "1-0"]
[WhiteElo "1644"]
[BlackElo "1826"]
[PlyCount "37"]
[EventDate "2009.??.??"]

1. e4 Nh6 2. d4 g6 3. Nc3 f6 4. Be3 Nf7 5. Bc4 e6 6. Qd2 Bg7 7. O-O-O d6 8.
Nge2 Nc6 9. Nf4 Qe7 10. d5 Na5 11. Bb5+ c6 12. dxe6 Bxe6 13. Nxe6 Qxe6 14. Nd5
Qd7 15. Qxa5 O-O 16. Qc7 Qxc7 17. Nxc7 cxb5 18. Nxa8 Rxa8 19. Bf4 {
biale zrealizowaly przewage.} 1-0

[Event "45 MFSz im. A.Rubinsteina - B"]
[Site "Polanica Zdroj"]
[Date "2009.08.24"]
[Round "7.35"]
[White "Wozniak, Grzegorz"]
[Black "Labuda, Michal"]
[Result "0-1"]
[WhiteElo "1570"]
[BlackElo "1816"]
[PlyCount "119"]
[EventDate "2009.??.??"]

1. e4 g6 2. d4 Bg7 3. Nc3 d6 4. f4 Nf6 5. Nf3 O-O 6. e5 Nfd7 7. Be2 c5 8. dxc5
dxe5 9. fxe5 Nxe5 10. Qxd8 Rxd8 11. O-O Nxf3+ 12. Bxf3 Bd4+ 13. Kh1 Bxc5 14.
Nd5 Bd6 15. Bg5 Nc6 16. Rad1 Bf5 17. c3 Kg7 18. Rfe1 f6 19. Bh4 Ne5 20. Be2
Rac8 21. h3 g5 22. Bf2 b6 23. Ba6 Rb8 24. Be2 Bg6 25. a3 Bc2 26. Rd2 Bb3 27.
Ne3 e6 28. Bd1 Bc4 29. Be2 Bxe2 30. Rexe2 Bc5 31. Nc2 Bxf2 32. Rxf2 Nd3 33.
Rfe2 e5 34. Nb4 Nxb4 35. axb4 Kf7 36. Kg1 Ke6 37. Kf2 f5 38. g3 e4 39. g4 fxg4
40. hxg4 Ke5 41. Kg3 b5 42. b3 a6 43. c4 bxc4 44. bxc4 Rxd2 45. Rxd2 Rxb4 46.
Rd5+ Kf6 47. Rf5+ Kg6 48. Rc5 Rb3+ 49. Kf2 Rf3+ 50. Kg2 Kf6 51. Rc6+ Ke5 52.
Rxa6 Kf4 53. c5 Kxg4 54. Ra4 Rc3 55. Rxe4+ Kf5 56. Re7 h5 57. Rf7+ Kg4 58. Rd7
Rxc5 59. Rd4+ Kf5 60. Rd2 {czarne zrealizowaly przewage.} 0-1

[Event "45 MFSz im. A.Rubinsteina - B"]
[Site "Polanica Zdroj"]
[Date "2009.08.24"]
[Round "7.36"]
[White "Gola, Karolina"]
[Black "Oszczanowski, Witold"]
[Result "1/2-1/2"]
[WhiteElo "1908"]
[BlackElo "1679"]
[PlyCount "47"]
[EventDate "2009.??.??"]

1. e4 c5 2. Nc3 Nc6 3. g3 g6 4. Bg2 Bg7 5. d3 d6 6. Be3 e6 7. Nge2 Nd4 8. Qd2
Ne7 9. O-O O-O 10. f4 Rb8 11. Nd1 b5 12. c3 Nxe2+ 13. Qxe2 b4 14. d4 bxc3 15.
bxc3 cxd4 16. Bxd4 Bxd4+ 17. cxd4 d5 18. exd5 Nxd5 19. Qe5 Bb7 20. Nf2 Qf6 21.
Ng4 Qxe5 22. dxe5 Kg7 23. Rab1 Ba8 24. Rfe1 1/2-1/2

[Event "45 MFSz im. A.Rubinsteina - B"]
[Site "Polanica Zdroj"]
[Date "2009.08.24"]
[Round "7.37"]
[White "Eggink, Mateusz"]
[Black "Ziemba, Artur"]
[Result "1/2-1/2"]
[WhiteElo "1756"]
[BlackElo "1638"]
[PlyCount "39"]
[EventDate "2009.??.??"]

1. g3 d5 2. Bg2 e5 3. d3 c6 4. Nf3 Bd6 5. O-O Bf5 6. Nh4 Be6 7. e4 Ne7 8. Nc3
O-O 9. f4 f5 10. fxe5 Bxe5 11. Bg5 fxe4 12. Rxf8+ Kxf8 13. Qh5 Bxc3 14. Rf1+
Kg8 15. Bh3 Bxh3 16. Qf7+ Kh8 17. Bxe7 Qb6+ 18. Kh1 Nd7 19. bxc3 Bxf1 20. Nf5
1/2-1/2

[Event "45 MFSz im. A.Rubinsteina - B"]
[Site "Polanica Zdroj"]
[Date "2009.08.24"]
[Round "7.39"]
[White "Kustal, Emilia"]
[Black "Ostalska, Natalia"]
[Result "1/2-1/2"]
[WhiteElo "1603"]
[BlackElo "1530"]
[PlyCount "48"]
[EventDate "2009.??.??"]

1. e4 c5 2. Nf3 Nc6 3. d4 cxd4 4. Nxd4 e5 5. Nb5 d6 6. N1c3 Nf6 7. Bg5 a6 8.
Bxf6 gxf6 9. Na3 b5 10. Nd5 Bg7 11. Bd3 Ne7 12. Nxe7 Qxe7 13. c3 O-O 14. Qh5
Qb7 15. Nc2 f5 16. Qh4 d5 17. exf5 e4 18. f6 Bxf6 19. Qxf6 exd3 20. Qg5+ Kh8
21. Qf6+ Kg8 22. Qg5+ Kh8 23. Qf6+ Kg8 24. Qg5+ Kh8 1/2-1/2

[Event "45 MFSz im. A.Rubinsteina - B"]
[Site "Polanica Zdroj"]
[Date "2009.08.24"]
[Round "7.41"]
[White "Pac, Maciej"]
[Black "Szczurek, Natalia"]
[Result "1-0"]
[WhiteElo "1830"]
[BlackElo "1738"]
[PlyCount "55"]
[EventDate "2009.??.??"]

1. e4 c5 2. Nf3 e6 3. d4 cxd4 4. Nxd4 a6 5. Nc3 b5 6. Qf3 Bb7 7. Bd3 d6 8. O-O
Nd7 9. a3 Ngf6 10. Bd2 Be7 11. Rfe1 Ne5 12. Qg3 Nfg4 13. Qh3 d5 14. exd5 Bc5
15. Be3 Qb6 16. Nce2 Nxe3 17. fxe3 Bxd5 18. b4 Be7 19. Nf4 Bb7 20. Qh5 Nxd3 21.
cxd3 O-O 22. Nf3 Bf6 23. Rac1 Bb2 24. Rc5 Bxa3 25. Rg5 h6 26. Qxh6 Bb2 27. d4
g6 28. Nxg6 1-0

[Event "45 MFSz im. A.Rubinsteina - B"]
[Site "Polanica Zdroj"]
[Date "2009.08.24"]
[Round "7.42"]
[White "Zak, Pawel"]
[Black "Chmielewska, Joanna"]
[Result "0-1"]
[WhiteElo "1792"]
[BlackElo "1713"]
[PlyCount "60"]
[EventDate "2009.??.??"]

1. d4 d5 2. c4 c6 3. Nf3 Nf6 4. Nc3 dxc4 5. e3 Bg4 6. a4 e6 7. Bxc4 Bb4 8. O-O
O-O 9. Qe2 Nbd7 10. h3 Bh5 11. Rd1 Qc7 12. e4 e5 13. Bg5 Rfe8 14. Rac1 Bxc3 15.
Rxc3 exd4 16. Rxd4 Qa5 17. Bf4 c5 18. Rd1 Rxe4 19. Qd2 Qxa4 20. b3 Qa5 21. g4
Bg6 22. g5 Rxf4 23. Qxf4 Qxc3 24. gxf6 Qxf6 25. Qc7 Qxf3 26. Rxd7 h6 27. Bd5
Qxh3 28. Bxf7+ Bxf7 29. Rxf7 Qg4+ 30. Kf1 Qd1+ 0-1

[Event "45 MFSz im. A.Rubinsteina - B"]
[Site "Polanica Zdroj"]
[Date "2009.08.24"]
[Round "7.43"]
[White "Zysko, Teresa"]
[Black "Kwasniewski, Pawel"]
[Result "0-1"]
[WhiteElo "1699"]
[BlackElo "1470"]
[PlyCount "42"]
[EventDate "2009.??.??"]

1. e4 e5 2. Nf3 Nc6 3. Bb5 d6 4. O-O Bg4 5. c3 Nge7 6. d3 h6 7. Nbd2 a6 8. Ba4
b5 9. Bc2 Ng6 10. h3 Be6 11. Re1 Qd7 12. Nf1 d5 13. exd5 Bxd5 14. d4 Bd6 15.
Bxg6 fxg6 16. dxe5 Be7 17. Qd3 g5 18. Qg6+ Kd8 19. Rd1 Kc8 20. Ne3 Qe6 21. Nxd5
Qxg6 0-1

[Event "45 MFSz im. A.Rubinsteina - B"]
[Site "Polanica Zdroj"]
[Date "2009.08.24"]
[Round "7.45"]
[White "Szymczak, Paula"]
[Black "Wisniewski, Michal"]
[Result "1-0"]
[WhiteElo "1674"]
[BlackElo "1456"]
[PlyCount "45"]
[EventDate "2009.??.??"]

1. e4 d5 2. exd5 Qxd5 3. Nc3 Qa5 4. Nf3 Nf6 5. d4 Nc6 6. Bd3 Bg4 7. Be3 O-O-O
8. Be2 e5 9. Bd2 Bxf3 10. Bxf3 Nxd4 11. a3 Nxf3+ 12. Qxf3 Qa6 13. Ne2 Qc4 14.
Bc3 Qe6 15. Qe3 Kb8 16. Qxe5 Qxe5 17. Bxe5 Nd7 18. O-O-O f6 19. Bg3 Bc5 20. Nf4
Rhe8 21. Rhe1 Nf8 22. Nh5 Rxd1+ 23. Rxd1 {biale wygraly po 60 ruchach.} 1-0

[Event "45 MFSz im. A.Rubinsteina - B"]
[Site "Polanica Zdroj"]
[Date "2009.08.25"]
[Round "8.1"]
[White "Kowalczyk, Pawel"]
[Black "Szadkowski, Krzysztof"]
[Result "1/2-1/2"]
[WhiteElo "2103"]
[BlackElo "2100"]
[PlyCount "20"]
[EventDate "2009.??.??"]

1. Nf3 Nf6 2. g3 d5 3. Bg2 c5 4. O-O Nc6 5. d4 e6 6. c3 Bd6 7. Bg5 h6 8. Bxf6
Qxf6 9. dxc5 Bxc5 10. Nbd2 O-O 1/2-1/2

[Event "45 MFSz im. A.Rubinsteina - B"]
[Site "Polanica Zdroj"]
[Date "2009.08.25"]
[Round "8.2"]
[White "Golek, Jagoda"]
[Black "Solnicki, Michal"]
[Result "1/2-1/2"]
[WhiteElo "2040"]
[BlackElo "2031"]
[PlyCount "39"]
[EventDate "2009.??.??"]

1. e4 c5 2. Nf3 g6 3. d4 cxd4 4. Nxd4 Nc6 5. c4 Nf6 6. Nc3 d6 7. Be2 Nxd4 8.
Qxd4 Bg7 9. Be3 O-O 10. Qd2 a5 11. f3 a4 12. Rc1 Qa5 13. O-O Be6 14. Rfd1 Rfc8
15. Nb5 Qxd2 16. Rxd2 Nd7 17. Rdc2 Nc5 18. Kf2 f5 19. exf5 Bxf5 20. Rd2 1/2-1/2

[Event "45 MFSz im. A.Rubinsteina - B"]
[Site "Polanica Zdroj"]
[Date "2009.08.25"]
[Round "8.3"]
[White "Lach, Piotr"]
[Black "Jagiela, Piotr"]
[Result "1/2-1/2"]
[WhiteElo "2148"]
[BlackElo "1939"]
[PlyCount "56"]
[EventDate "2009.??.??"]

1. e4 d5 2. exd5 Qxd5 3. Nc3 Qa5 4. d4 Nf6 5. Bc4 c6 6. Nf3 Bf5 7. Bd2 e6 8.
Nd5 Qd8 9. Nxf6+ gxf6 10. Be3 Nd7 11. Bd3 Bg6 12. Qd2 Qc7 13. O-O-O O-O-O 14.
Kb1 Be7 15. c4 c5 16. Bxg6 hxg6 17. Qc2 cxd4 18. Nxd4 a6 19. h3 e5 20. Ne2 Bc5
21. Nc3 Nb6 22. Bxc5 Qxc5 23. Ne4 Qe7 24. c5 Na8 25. Qb3 Kb8 26. Nd6 Rhf8 27.
Rd3 Ka7 28. Rhd1 Qc7 {dalej zapisy nieczytelne...} 1/2-1/2

[Event "45 MFSz im. A.Rubinsteina - B"]
[Site "Polanica Zdroj"]
[Date "2009.08.25"]
[Round "8.4"]
[White "Wandzik, Wojciech"]
[Black "Betkowski, Andrzej"]
[Result "0-1"]
[WhiteElo "2070"]
[BlackElo "2184"]
[PlyCount "58"]
[EventDate "2009.??.??"]

1. e4 g6 2. d4 Bg7 3. Nc3 d6 4. Be3 a6 5. Qd2 b5 6. f3 Nd7 7. a4 b4 8. Nd1 a5
9. Bd3 Ba6 10. Ne2 e5 11. c3 c5 12. Bxa6 Rxa6 13. O-O cxd4 14. cxd4 Ngf6 15.
Rc1 O-O 16. Nf2 Qa8 17. d5 Rc8 18. Rxc8+ Qxc8 19. Rc1 Nc5 20. Nd3 Nfd7 21. Nxc5
dxc5 22. b3 Qc7 23. Qd3 Rb6 24. Ng3 Bf8 25. Nf1 Rb8 26. Nd2 Qd8 27. Nc4 Ra8 28.
Qd2 Qe8 29. Kf2 Ra6 0-1

[Event "45 MFSz im. A.Rubinsteina - B"]
[Site "Polanica Zdroj"]
[Date "2009.08.25"]
[Round "8.5"]
[White "Dowgird, Filip"]
[Black "Skawinski, Arkadiusz"]
[Result "1/2-1/2"]
[WhiteElo "2011"]
[BlackElo "2153"]
[PlyCount "73"]
[EventDate "2009.??.??"]

1. e4 c6 2. Nc3 g6 3. d4 Bg7 4. Nf3 d5 5. h3 dxe4 6. Nxe4 Nf6 7. Nxf6+ exf6 8.
Bc4 O-O 9. O-O Nd7 10. Bb3 Nb6 11. Re1 Re8 12. Rxe8+ Qxe8 13. Bf4 Be6 14. Qe2
Bxb3 15. Qxe8+ Rxe8 16. axb3 a6 17. Re1 Rxe1+ 18. Nxe1 f5 19. c3 Kf8 20. Nd3
Nd7 21. Bd6+ Ke8 22. f3 Bf8 23. Bxf8 Kxf8 24. Kf2 Ke7 25. Ke3 Ke6 26. b4 b6 27.
c4 g5 28. f4 f6 29. g3 h6 30. b3 Ke7 31. Ne1 Kd6 32. Nf3 Nf8 33. h4 Ne6 34. Nd2
c5 35. bxc5+ bxc5 36. d5 Nd4 37. Kd3 1/2-1/2

[Event "45 MFSz im. A.Rubinsteina - B"]
[Site "Polanica Zdroj"]
[Date "2009.08.25"]
[Round "8.6"]
[White "Szusterowski, Radoslaw"]
[Black "Tomsia, Kamil"]
[Result "1/2-1/2"]
[WhiteElo "1969"]
[BlackElo "2103"]
[PlyCount "81"]
[EventDate "2009.??.??"]

1. d4 f5 2. c4 Nf6 3. Nf3 e6 4. Nc3 Bb4 5. Qb3 Qe7 6. Bf4 Nc6 7. e3 d6 8. Be2
Ne4 9. h4 b6 10. O-O Bxc3 11. bxc3 Na5 12. Qc2 Bb7 13. Ng5 e5 14. f3 Nf6 15.
Bg3 h6 16. Nh3 O-O 17. c5 exd4 18. cxd6 Qxe3+ 19. Bf2 Qxc3 20. Qxf5 Bc8 21. Qg6
Bxh3 22. gxh3 c5 23. Kh1 Qd2 24. Bd3 Kh8 25. Bf5 Nc4 26. Rg1 Rg8 27. Bg3 Qe3
28. Rgf1 Qe8 29. Qxe8 Rgxe8 30. d7 Re7 31. Rfe1 Rxe1+ 32. Rxe1 Ne3 33. Be6 Rd8
34. Bc7 Rxd7 35. Bxd7 Nxd7 36. Bf4 Nd5 37. Re8+ Kh7 38. Bc1 c4 39. Re4 Nc3 40.
Rxd4 Ne5 41. Bf4 1/2-1/2

[Event "45 MFSz im. A.Rubinsteina - B"]
[Site "Polanica Zdroj"]
[Date "2009.08.25"]
[Round "8.7"]
[White "Blaszkiewicz, Mateusz"]
[Black "Klepaczka, Tomasz"]
[Result "1-0"]
[WhiteElo "1898"]
[BlackElo "2085"]
[PlyCount "79"]
[EventDate "2009.??.??"]

1. d4 d5 2. c4 e6 3. Nc3 Nf6 4. Bg5 Be7 5. e3 h6 6. Bh4 O-O 7. Nf3 b6 8. cxd5
Nxd5 9. Bxe7 Qxe7 10. Bd3 Rd8 11. O-O c5 12. Nxd5 exd5 13. Rc1 Be6 14. Ne5 Rc8
15. f4 f5 16. Qh5 Qf6 17. Ng6 Rc6 18. Ne5 Rc8 19. Rf3 Nd7 20. Re1 c4 21. Bc2
Rc7 22. Rg3 Nf8 23. Rh3 b5 24. g4 fxg4 25. Rg3 Nd7 26. Nxg4 Bxg4 27. Rxg4 Qf7
28. Bg6 Qe6 29. Bf5 Qf7 30. Qxh6 Nf6 31. Rg6 Ne4 32. Qh4 Nf6 33. Qg5 c3 34.
bxc3 Re8 35. Kh1 Ne4 36. Bxe4 Rxe4 37. f5 Re8 38. f6 Qf8 39. Rg1 Re6 40. Qxd5
1-0

[Event "45 MFSz im. A.Rubinsteina - B"]
[Site "Polanica Zdroj"]
[Date "2009.08.25"]
[Round "8.8"]
[White "Szusterowski, Przemyslaw"]
[Black "Zadlo, Tomasz"]
[Result "1/2-1/2"]
[WhiteElo "1750"]
[BlackElo "2076"]
[PlyCount "36"]
[EventDate "2009.??.??"]

1. e4 c5 2. Nf3 d6 3. d4 cxd4 4. Nxd4 Nf6 5. Nc3 a6 6. Be2 e5 7. Nb3 Be7 8. O-O
O-O 9. Be3 Be6 10. f3 Nbd7 11. Nd5 Re8 12. c4 Nc5 13. Nxc5 dxc5 14. a4 Bxd5 15.
cxd5 c4 16. Rc1 b5 17. axb5 axb5 18. b3 cxb3 1/2-1/2

[Event "45 MFSz im. A.Rubinsteina - B"]
[Site "Polanica Zdroj"]
[Date "2009.08.25"]
[Round "8.9"]
[White "Skiba, Marta"]
[Black "Szadkowski, Kamil"]
[Result "0-1"]
[WhiteElo "1729"]
[BlackElo "2167"]
[PlyCount "72"]
[EventDate "2009.??.??"]

1. e4 g6 2. d4 Bg7 3. Nc3 c5 4. Nf3 cxd4 5. Nxd4 Nc6 6. Be3 d6 7. Qd2 Nf6 8. f3
O-O 9. O-O-O Nxd4 10. Bxd4 Be6 11. Kb1 Qc7 12. g4 Rfc8 13. h4 Qa5 14. Nd5 Qxd2
15. Nxf6+ Bxf6 16. Rxd2 Bxd4 17. Rxd4 Rc5 18. Bh3 Rac8 19. c3 h6 20. f4 f6 21.
Re1 R8c7 22. f5 Bf7 23. Bf1 Re5 24. Red1 Kg7 25. Bg2 Be8 26. Kc2 Bc6 27. Kd3
Rc8 28. Bf3 Be8 29. Bg2 Bf7 30. b3 h5 31. Bh3 hxg4 32. Bxg4 Rh8 33. Rh1 d5 34.
Ke3 gxf5 35. Bxf5 dxe4 36. Bxe4 f5 0-1

[Event "45 MFSz im. A.Rubinsteina - B"]
[Site "Polanica Zdroj"]
[Date "2009.08.25"]
[Round "8.10"]
[White "Wasik, Piotr"]
[Black "Gromczak, Dariusz"]
[Result "1-0"]
[WhiteElo "1976"]
[BlackElo "2057"]
[PlyCount "89"]
[EventDate "2009.??.??"]

1. e4 c5 2. Nf3 Nc6 3. Bb5 g6 4. Bxc6 bxc6 5. O-O Bg7 6. Re1 Nf6 7. e5 Nd5 8.
b3 O-O 9. Bb2 f6 10. exf6 Bxf6 11. Bxf6 Rxf6 12. d4 cxd4 13. Qxd4 e6 14. c4 Nf4
15. Ne5 Rf8 16. Nd2 Qg5 17. g3 Nh3+ 18. Kg2 Rxf2+ 19. Kxh3 Qh5+ 20. Qh4 Qxh4+
21. Kxh4 Rxd2 22. Kg5 Rxh2 23. Rf1 Rh5+ 24. Kf6 Rf5+ 25. Rxf5 exf5 26. Re1 d6
27. Nf7 Bd7 28. Re7 Rf8 29. Rxd7 d5 30. cxd5 cxd5 31. Ke6 Kg7 32. Ne5+ Kh6 33.
Kxd5 a6 34. Rd6 Ra8 35. b4 Rb8 36. a3 a5 37. Kc5 axb4 38. axb4 Re8 39. Nd7 Re3
40. b5 Rxg3 41. Rd4 Rc3+ 42. Kd6 Rb3 43. b6 g5 44. Kc5 f4 45. Rb4 1-0

[Event "45 MFSz im. A.Rubinsteina - B"]
[Site "Polanica Zdroj"]
[Date "2009.08.25"]
[Round "8.11"]
[White "Jurkowski, Marcin"]
[Black "Kozera, Aleksandra"]
[Result "0-1"]
[WhiteElo "1984"]
[BlackElo "1788"]
[PlyCount "78"]
[EventDate "2009.??.??"]

1. d4 Nf6 2. c4 g6 3. Nc3 Bg7 4. e4 d6 5. Nf3 O-O 6. Be2 e5 7. O-O Nc6 8. d5
Ne7 9. Ne1 Nd7 10. Be3 f5 11. f3 Nf6 12. c5 Rf7 13. a4 a5 14. Nc2 f4 15. Bf2 g5
16. Na3 Ne8 17. cxd6 Nxd6 18. Nc4 Ng6 19. Qb3 Bf8 20. Rac1 h5 21. Nxd6 Bxd6 22.
Nb5 g4 23. Nxd6 cxd6 24. Qb6 Qg5 25. Kh1 g3 26. Bg1 Nh4 27. hxg3 Nxg2 28. Qf2
Ne3 29. gxf4 exf4 30. Bh2 Nxf1 31. Rxf1 Qf6 32. Rg1+ Rg7 33. Rxg7+ Kxg7 34. Qb6
Kh6 35. Bd3 Bh3 36. e5 Qxe5 37. Qxb7 Qe1+ 38. Bg1 Bg2+ 39. Kh2 Qg3# 0-1

[Event "45 MFSz im. A.Rubinsteina - B"]
[Site "Polanica Zdroj"]
[Date "2009.08.25"]
[Round "8.12"]
[White "Lukasiewicz, Aleksander"]
[Black "Usatiuk, Igor"]
[Result "1/2-1/2"]
[WhiteElo "1852"]
[BlackElo "2061"]
[PlyCount "34"]
[EventDate "2009.??.??"]

1. e4 e6 2. d4 d5 3. Nc3 Bb4 4. Nge2 dxe4 5. a3 Bxc3+ 6. Nxc3 f5 7. f3 exf3 8.
Qxf3 Nf6 9. Bf4 c6 10. Qg3 Nh5 11. Qe3 Nxf4 12. Qxf4 Nd7 13. O-O-O O-O 14. Bd3
Qf6 15. Rde1 Nb6 16. Rhf1 Rd8 17. g4 Qf7 1/2-1/2

[Event "45 MFSz im. A.Rubinsteina - B"]
[Site "Polanica Zdroj"]
[Date "2009.08.25"]
[Round "8.13"]
[White "Mazalon, Mariusz"]
[Black "Graczyk, Damian"]
[Result "1-0"]
[WhiteElo "2167"]
[BlackElo "1890"]
[PlyCount "85"]
[EventDate "2009.??.??"]

1. e4 c5 2. Nf3 Nc6 3. Bb5 d6 4. d4 cxd4 5. Qxd4 Bd7 6. Bxc6 Bxc6 7. Nc3 Nf6 8.
Bg5 e6 9. O-O-O Be7 10. Rhe1 Qc7 11. Kb1 Rd8 12. Qxa7 O-O 13. Qe3 Ra8 14. Nd4
b5 15. Ndxb5 Bxb5 16. Nxb5 Qa5 17. Nc3 Ng4 18. Bxe7 Nxe3 19. Rxe3 Rfc8 20. a4
Qh5 21. f3 Qxh2 22. g4 d5 23. exd5 exd5 24. Red3 Qc7 25. Ba3 h6 26. R1d2 Re8
27. Nxd5 Qa7 28. b3 Re1+ 29. Ka2 Rae8 30. c4 R8e2 31. c5 Qa6 32. Bb2 Qc6 33.
Rxe2 Rxe2 34. Nc3 Re8 35. Ne4 Re6 36. Ka3 f5 37. gxf5 Rxe4 38. fxe4 Qxc5+ 39.
Ka2 Qc2 40. Rd8+ Kf7 41. Rd7+ Kf8 42. Ra7 h5 43. Rxg7 {
dalsze zapisy nieczytelne...} 1-0

[Event "45 MFSz im. A.Rubinsteina - B"]
[Site "Polanica Zdroj"]
[Date "2009.08.25"]
[Round "8.14"]
[White "Witek, Tomasz"]
[Black "Bednarski, Dawid"]
[Result "1-0"]
[WhiteElo "2138"]
[BlackElo "1799"]
[PlyCount "57"]
[EventDate "2009.??.??"]

1. d4 Nf6 2. c4 c5 3. d5 b5 4. cxb5 a6 5. b6 Qxb6 6. Nc3 d6 7. Nf3 g6 8. Nd2
Bg7 9. e4 O-O 10. Be2 Nbd7 11. O-O Bb7 12. Nc4 Qc7 13. a4 Rfd8 14. Bg5 Nb6 15.
Ne3 e6 16. a5 Nbd7 17. Nc4 exd5 18. exd5 Re8 19. Bh4 Ne4 20. Na4 g5 21. Bg3
Nxg3 22. fxg3 Re7 23. Nab6 Rae8 24. Bh5 Bd4+ 25. Kh1 Nf6 26. Bf3 Bc8 27. Nxc8
Qxc8 28. Nxd6 Qd7 29. Nxe8 1-0